000 01231nam0a22002651 4500
001 rc\2602878
005 20250623131803.0
035 _a(NLR Aleph) 006766918
090 _a5903478
_c5903478
100 _a20110914d1930 |||y0rusy50 ca
101 0 _arus
102 _aRU
105 _aa z |||||
200 1 _aИнструментальное дело
_eКраткое руководство для инж-ров, техников и мастеров-производственников, а также студентов втузов и техникумов
_eВ 2 частях...
_eС 132 фиг. в тексте
_fС. С. Четверников, инж.
210 _aМосква
_cГос. техн. изд-во
_d[1930]
_eЛенинград
_gтип. Красный печатник
215 _a168 с.
_cил., черт., граф., схем.
_d25х18 см.
225 1 _aБиблиотека техника
320 _aБиблиография: "Литература" (на 2 страницах)
700 1 _aЧетвериков
_bС.С.
_f1894-1968
_gСергей Сергеевич
801 0 _aRU
_bNLR
_gpsbo
801 1 _aRU
_bELAR
_2rusmarc
852 _aNLR
_j30.5/691
942 _cBOOK
980 _aNB